[Event "Titled Tuesday intern op 25th Apr Early"]
[Site "Chess.com INT"]
[Date "2023.04.25"]
[Round "10"]
[White "Rios Escobar, Adan"]
[Black "Nikologorskiy, Konstantin"]
[Result "0-1"]
[WhiteElo "2234"]
[BlackElo "2413"]
[PlyCount "162"]
[EventDate "2023.04.25"]
[EventType "swiss (blitz)"]
[EventRounds "11"]
[EventCountry "USA"]
[SourceTitle "EXT 2024"]
[Source "ChessBase"]
[SourceDate "2023.10.10"]
[SourceVersion "1"]
[SourceVersionDate "2023.10.10"]
[SourceQuality "1"]

1. d4 Nf6 2. g3 e6 3. c4 Be7 4. Nf3 d5 5. Bg2 0-0 6. 0-0 dxc4 7. Qc2 a6 8. a4 Bd7 9. Rd1 Bc6 10. Nc3 a5 11. e4 Na6 12. Ne5 Nb4 13. Qe2 Re8 14. Nxc4 b6 15. Ne5 Bb7 16. Bf4 Nd7 17. Nf3 Rc8 18. Rac1 Bd6 19. Bg5 Be7 20. Bf4 Bd6 21. Bxd6 cxd6 22. Nb5 Qe7 23. e5 dxe5 24. dxe5 Rxc1 25. Rxc1 Nc5 26. Nd6 Rd8 27. Qe3 Bd5 28. h4 f6 29. Nc4 Ncd3 30. Rc3 Bxc4 31. Rxc4 Nxb2 32. exf6 Qxf6 33. Rf4 Nd5 34. Rxf6 Nxe3 35. Rxe6 Nxg2 36. Kxg2 Nxa4 37. Re7 Nc5 38. Re5 a4 39. Re3 Ra8 40. Ra3 b5 41. Nd4 b4 42. Ra1 b3 43. Nb5 b2 44. Rb1 a3 45. Nxa3 Rxa3 46. Rxb2 Nd3 47. Rd2 h5 48. Re2 Kh7 49. Rd2 Ne5 50. Re2 Ng4 51. Rd2 Kg6 52. Rc2 Kf5 53. Rc5+ Kg6 54. Rg5+ Kh6 55. Rf5 Ra2 56. Rf4 Kg6 57. Rf8 Nf6 58. Rd8 Kf7 59. Rd6 Ng4 60. Rd7+ Kf6 61. Rd6+ Ke5 62. Rg6 Rxf2+ 63. Kg1 Rf7 64. Rg5+ Ke4 65. Rxh5 Kf3 66. Rg5 Kxg3 67. h5 Ra7 68. Kf1 Ra2 69. h6 gxh6 70. Rh5 Kf3 71. Rf5+ Kg3 72. Rh5 Ra7 73. Ke1 Rg7 74. Rf5 Rg5 75. Rf6 h5 76. Rf7 h4 77. Rh7 h3 78. Kf1 Rf5+ 79. Kg1 h2+ 80. Rxh2 Nxh2 81. Kh1 Rf1# 0-1

[Event "Titled Tuesday intern op 04th Apr Early"]
[Site "Chess.com INT"]
[Date "2023.04.04"]
[Round "1"]
[White "Kohler, Aran"]
[Black "Nikologorskiy, Konstantin"]
[Result "0-1"]
[WhiteElo "2010"]
[BlackElo "2413"]
[PlyCount "104"]
[EventDate "2023.04.04"]
[EventType "swiss (blitz)"]
[EventRounds "11"]
[EventCountry "USA"]
[SourceTitle "EXT 2024"]
[Source "ChessBase"]
[SourceDate "2023.10.10"]
[SourceVersion "1"]
[SourceVersionDate "2023.10.10"]
[SourceQuality "1"]

1. d4 Nf6 2. Nf3 e6 3. Bg5 Be7 4. Nbd2 d5 5. e3 0-0 6. Bd3 c5 7. c3 b6 8. Ne5 Bb7 9. f4 Nbd7 10. Qf3 Nxe5 11. fxe5 Nd7 12. Bxe7 Qxe7 13. Qh3 g6 14. 0-0 f6 15. exf6 Nxf6 16. Rae1 Ne4 17. Nxe4 dxe4 18. Bc4 Bd5 19. Bxd5 exd5 20. Rxf8+ Rxf8 21. Rf1 Rd8 22. Qh6 cxd4 23. cxd4 Rc8 24. Qf4 Kg7 25. h4 h5 26. Rf2 Rc1+ 27. Kh2 a5 28. a3 Rc6 29. Qg5 Qxg5 30. hxg5 b5 31. Kg3 b4 32. axb4 axb4 33. Kf4 b3 34. Ke5 Rc2 35. Rf6 Rxg2 36. Kxd5 Rxg5+ 37. Ke6 h4 38. Rf7+ Kg8 39. Rc7 h3 40. Rc1 h2 41. Rh1 Rh5 42. d5 Kf8 43. d6 Ke8 44. d7+ Kd8 45. Ra1 Re5+ 46. Kd6 Rd5+ 47. Ke6 Rxd7 48. Ra8+ Kc7 49. Rh8 Rd2 50. Ke5 Rxb2 51. Kxe4 Rg2 52. Rh7+ Kc6 0-1

[Event "Titled Tuesday intern op 04th Apr Early"]
[Site "Chess.com INT"]
[Date "2023.04.04"]
[Round "9"]
[White "Nikologorskiy, Konstantin"]
[Black "Mazurkiewicz, Michal"]
[Result "0-1"]
[WhiteElo "2413"]
[BlackElo "2145"]
[PlyCount "118"]
[EventDate "2023.04.04"]
[EventType "swiss (blitz)"]
[EventRounds "11"]
[EventCountry "USA"]
[SourceTitle "EXT 2024"]
[Source "ChessBase"]
[SourceDate "2023.10.10"]
[SourceVersion "1"]
[SourceVersionDate "2023.10.10"]
[SourceQuality "1"]

1. d4 Nf6 2. c4 e5 3. dxe5 Ng4 4. e3 Nxe5 5. f4 Nec6 6. Ne2 Bc5 7. Ng3 d6 8. Be2 Qe7 9. Nc3 Bb4 10. Qc2 0-0 11. 0-0 Bxc3 12. Qxc3 Nd7 13. b3 Nc5 14. Bb2 f6 15. Bf3 a5 16. Rfe1 Nb4 17. Ba3 Nbd3 18. Re2 Qf7 19. Rd1 Qg6 20. Bh5 Qh6 21. Rxd3 Nxd3 22. Qxd3 Bd7 23. Bf3 Bc6 24. Bxc6 bxc6 25. Qe4 Rfe8 26. Qxc6 Qg6 27. Qd5+ Kh8 28. e4 a4 29. b4 Qg4 30. Bc1 a3 31. b5 Ra4 32. Kf2 Rb4 33. h3 Qh4 34. Bxa3 Rb1 35. Qd2 Ra1 36. c5 Ra8 37. cxd6 Rxa3 38. Re3 Qxf4+ 39. Ke2 R3xa2 40. d7 Rxd2+ 41. Kxd2 Qd6+ 42. Rd3 Rd1+ 43. Kxd1 Qxd3+ 44. Kc1 Qxd7 45. Ne2 Qxb5 46. Kd2 Qc5 47. Kd3 Qf2 48. Nd4 Qxg2 49. Nf5 Qxh3+ 50. Kd4 Qxf5 51. exf5 h5 52. Ke4 c5 53. Kf4 c4 54. Ke4 h4 55. Kf3 c3 56. Kg4 c2 57. Kh5 c1Q 58. Kg6 Kg8 59. Kh5 Qg5# 0-1

[Event "Titled Tuesday intern op 04th Apr Early"]
[Site "Chess.com INT"]
[Date "2023.04.04"]
[Round "11"]
[White "Nikologorskiy, Konstantin"]
[Black "Skliarov, Viktor"]
[Result "1-0"]
[WhiteElo "2413"]
[BlackElo "2384"]
[PlyCount "75"]
[EventDate "2023.04.04"]
[EventType "swiss (blitz)"]
[EventRounds "11"]
[EventCountry "USA"]
[SourceTitle "EXT 2024"]
[Source "ChessBase"]
[SourceDate "2023.10.10"]
[SourceVersion "1"]
[SourceVersionDate "2023.10.10"]
[SourceQuality "1"]

1. d4 Nf6 2. c4 e6 3. Nf3 b6 4. g3 Bb7 5. Bg2 Be7 6. 0-0 0-0 7. Nc3 Ne4 8. Qc2 Nxc3 9. Qxc3 d6 10. b3 Nd7 11. Bb2 a5 12. Rfe1 Bf6 13. Rad1 Qe7 14. e4 e5 15. Qc2 Rfe8 16. h3 g6 17. a3 Bc6 18. Kh2 Bg7 19. Ng1 exd4 20. Bxd4 Bxd4 21. Rxd4 f5 22. exf5 Qxe1 23. Bxc6 Rad8 24. fxg6 Rf8 25. Nf3 Rxf3 26. Bxf3 Rf8 27. Kg2 Ne5 28. Bd5+ Kh8 29. Rh4 Nxg6 30. Re4 Qa1 31. f4 Qf6 32. Re6 Qd4 33. Re4 Qf6 34. h4 Qa1 35. h5 Ne5 36. Qe2 Ng4 37. Qxg4 Qf6 38. Qe2 1-0

[Event "Titled Tuesday intern op 28th Dec"]
[Site "Chess.com INT"]
[Date "2021.12.28"]
[Round "11"]
[White "Nikologorskiy, Konstantin"]
[Black "Gaehwiler, Gabriel"]
[Result "1-0"]
[WhiteElo "2413"]
[BlackElo "2400"]
[PlyCount "89"]
[EventDate "2021.12.28"]
[EventType "swiss (blitz)"]
[EventRounds "11"]
[EventCountry "USA"]
[SourceTitle "CBM 206 Extra"]
[Source "ChessBase"]
[SourceDate "2022.03.31"]
[SourceVersion "1"]
[SourceVersionDate "2022.03.31"]
[SourceQuality "1"]

1. d4 Nf6 2. c4 g6 3. Nc3 Bg7 4. e4 0-0 5. Nf3 d6 6. Be2 e5 7. dxe5 dxe5 8. Qxd8 Rxd8 9. Bg5 Re8 10. Nd5 Nxd5 11. cxd5 c6 12. 0-0-0 cxd5 13. exd5 Bd7 14. Nd2 Na6 15. Ne4 Rec8+ 16. Kb1 Bf5 17. f3 Nc5 18. Bd3 Bxe4 19. Bxe4 f6 20. Bh4 Nxe4 21. fxe4 Rc4 22. Rhe1 Kf7 23. b3 Rc7 24. Rf1 Rd8 25. Rf3 Ke7 26. Rdf1 Rd6 27. g4 h6 28. Be1 Kf7 29. Bb4 Rdd7 30. h4 Rc8 31. g5 hxg5 32. hxg5 f5 33. exf5 gxf5 34. Rxf5+ Kg6 35. d6 e4 36. Rd5 Re8 37. Rc1 e3 38. Rc7 Red8 39. Rxd7 Rxd7 40. Kc2 Kf7 41. Rd3 b6 42. Rxe3 a5 43. Ba3 Kg6 44. Kd3 Kxg5 45. Kc4 1-0

[Event "Titled Tuesday intern op 28th Dec"]
[Site "Chess.com INT"]
[Date "2021.12.28"]
[Round "8"]
[White "Nikologorskiy, Konstantin"]
[Black "Ozen, Bahadir"]
[Result "1-0"]
[WhiteElo "2413"]
[BlackElo "2369"]
[PlyCount "99"]
[EventDate "2021.12.28"]
[EventType "swiss (blitz)"]
[EventRounds "11"]
[EventCountry "USA"]
[SourceTitle "CBM 206 Extra"]
[Source "ChessBase"]
[SourceDate "2022.03.31"]
[SourceVersion "1"]
[SourceVersionDate "2022.03.31"]
[SourceQuality "1"]

1. d4 d5 2. c4 c6 3. Nc3 Nf6 4. e3 e6 5. Nf3 Nbd7 6. Qc2 Bd6 7. g4 h6 8. Rg1 g5 9. h4 Rg8 10. hxg5 hxg5 11. e4 Nxe4 12. Nxe4 dxe4 13. Nxg5 Rxg5 14. Bxg5 Qxg5 15. Qxe4 Bb4+ 16. Ke2 Qd2+ 17. Kf3 Qxb2 18. Be2 c5 19. Rab1 Qxa2 20. g5 Qa3+ 21. Kg2 Nf8 22. Bh5 Bd7 23. g6 fxg6 24. Bxg6+ Nxg6 25. Qxg6+ Kd8 26. Qg8+ Kc7 27. Qxa8 Bc6+ 28. Kh2 cxd4 29. Rg7+ Kb6 30. Qd8+ Ka6 31. Rxb4 Qxb4 32. Qxd4 e5 33. Qxe5 Qxc4 34. Kg3 Qd3+ 35. Kh4 Qd8+ 36. Re7 Qf8 37. f4 Qh6+ 38. Kg4 Qh1 39. Kg5 Qg2+ 40. Kf6 Kb6 41. f5 a5 42. Qc7+ Ka6 43. Re5 Qd2 44. Ke7 a4 45. Qd6 Qc3 46. f6 a3 47. f7 a2 48. f8Q a1Q 49. Qa8+ Kb6 50. Qdd8# 1-0

[Event "Titled Tuesday intern op 28th Dec"]
[Site "Chess.com INT"]
[Date "2021.12.28"]
[Round "10"]
[White "Nikologorskiy, Konstantin"]
[Black "Visakh, Narayanan Rajeswari"]
[Result "0-1"]
[WhiteElo "2413"]
[BlackElo "2515"]
[PlyCount "108"]
[EventDate "2021.12.28"]
[EventType "swiss (blitz)"]
[EventRounds "11"]
[EventCountry "USA"]
[SourceTitle "CBM 206 Extra"]
[Source "ChessBase"]
[SourceDate "2022.03.31"]
[SourceVersion "1"]
[SourceVersionDate "2022.03.31"]
[SourceQuality "1"]

1. d4 Nf6 2. c4 e6 3. Nf3 Bb4+ 4. Bd2 c5 5. Bxb4 cxb4 6. e3 a5 7. Bd3 b6 8. 0-0 Bb7 9. a3 Na6 10. Nbd2 0-0 11. Ne5 d6 12. Ng4 e5 13. h3 Re8 14. d5 bxa3 15. bxa3 Nc5 16. Nxf6+ Qxf6 17. Ne4 Nxe4 18. Bxe4 Ba6 19. Qb3 Qd8 20. Rab1 Rb8 21. Rfc1 Qc7 22. h4 g6 23. h5 Kg7 24. Qd1 Rec8 25. Bd3 Qd7 26. Qf3 Qe7 27. g3 Re8 28. Be2 Qg5 29. Kg2 Qf5 30. Qxf5 gxf5 31. Rb2 Rec8 32. Rcb1 Bxc4 33. Bxc4 Rxc4 34. Rxb6 Rxb6 35. Rxb6 Rc3 36. Rxd6 h6 37. Ra6 Rxa3 38. d6 Rd3 39. g4 fxg4 40. Kg3 f5 41. Rxa5 Kf6 42. Ra6 Kg5 43. Kg2 f4 44. exf4+ exf4 45. f3 Rd2+ 46. Kf1 gxf3 47. Ra5+ Kg4 48. Ra6 Kg3 49. Ke1 Re2+ 50. Kd1 Re5 51. d7 Rd5+ 52. Ke1 f2+ 53. Ke2 f3+ 54. Ke3 f1Q 0-1

[Event "Titled Tuesday intern op 14th Dec"]
[Site "Chess.com INT"]
[Date "2021.12.14"]
[Round "8"]
[White "Jobava, Baadur"]
[Black "Nikologorskiy, Konstantin"]
[Result "1-0"]
[WhiteElo "2588"]
[BlackElo "2413"]
[PlyCount "83"]
[EventDate "2021.12.14"]
[EventType "swiss (blitz)"]
[EventRounds "11"]
[EventCountry "USA"]
[SourceTitle "EXT 2023"]
[Source "ChessBase"]
[SourceDate "2022.10.05"]
[SourceVersion "1"]
[SourceVersionDate "2022.10.05"]
[SourceQuality "1"]

1. b3 c5 2. Bb2 Nc6 3. e3 Nf6 4. Bxf6 exf6 5. c4 d5 6. cxd5 Qxd5 7. Nc3 Qd8 8. Bb5 Bd7 9. Nge2 Ne5 10. Bxd7+ Qxd7 11. 0-0 Bd6 12. d4 cxd4 13. Qxd4 0-0 14. Rfd1 Rfd8 15. Nd5 Qg4 16. Qxg4 Nxg4 17. h3 Ne5 18. f4 Nc6 19. Kf2 Ba3 20. Rd3 Kf8 21. Rad1 Bc5 22. Kf3 f5 23. g4 fxg4+ 24. hxg4 h6 25. Nec3 Ne7 26. e4 Nxd5 27. Nxd5 Rac8 28. e5 a6 29. Ke4 Rd7 30. f5 Re8 31. Nf4 Rxd3 32. Rxd3 Ke7 33. b4 Bg1 34. Rd6 Rc8 35. Nd5+ Ke8 36. e6 fxe6 37. fxe6 Rc4+ 38. Kf5 Rc6 39. Rd7 g6+ 40. Ke5 Bh2+ 41. Kf6 Bd6 42. Rxb7 1-0

[Event "Titled Tuesday intern op 14th Dec"]
[Site "Chess.com INT"]
[Date "2021.12.14"]
[Round "6"]
[White "Nikologorskiy, Konstantin"]
[Black "Gulatz, Maurice"]
[Result "1-0"]
[WhiteElo "2413"]
[BlackElo "2213"]
[PlyCount "73"]
[EventDate "2021.12.14"]
[EventType "swiss (blitz)"]
[EventRounds "11"]
[EventCountry "USA"]
[SourceTitle "EXT 2023"]
[Source "ChessBase"]
[SourceDate "2022.10.05"]
[SourceVersion "1"]
[SourceVersionDate "2022.10.05"]
[SourceQuality "1"]

1. d4 d5 2. c4 c6 3. Nc3 Nf6 4. e3 e6 5. Nf3 Nbd7 6. Qc2 Bd6 7. g4 Nxg4 8. Rg1 f5 9. h3 Ngf6 10. Rxg7 Ne4 11. Be2 Qf6 12. Rg2 Nf8 13. Bd2 Ng6 14. 0-0-0 Bd7 15. Ne1 Ke7 16. f3 Nxd2 17. Qxd2 Rhg8 18. Nd3 Nh4 19. Rf2 Be8 20. cxd5 cxd5 21. e4 Qxd4 22. Qh6 Ng6 23. exd5 Rc8 24. Kb1 Bf7 25. Rff1 Nf4 26. Nb5 Qa4 27. Qh4+ Kf8 28. Nxd6 Qc2+ 29. Ka1 Nxe2 30. Nxc8 Qxc8 31. d6 Qd7 32. Ne5 Qa4 33. Qe7+ Kg7 34. Qxf7+ Kh8 35. Qf6+ Rg7 36. Qf8+ Rg8 37. Nf7# 1-0

[Event "Titled Tuesday intern op 14th Dec"]
[Site "Chess.com INT"]
[Date "2021.12.14"]
[Round "4"]
[White "Nikologorskiy, Konstantin"]
[Black "Mujumdar, Sameer Suhas"]
[Result "1-0"]
[WhiteElo "2413"]
[BlackElo "2030"]
[PlyCount "59"]
[EventDate "2021.12.14"]
[EventType "swiss (blitz)"]
[EventRounds "11"]
[EventCountry "USA"]
[SourceTitle "EXT 2023"]
[Source "ChessBase"]
[SourceDate "2022.10.05"]
[SourceVersion "1"]
[SourceVersionDate "2022.10.05"]
[SourceQuality "1"]

1. d4 Nf6 2. c4 g6 3. Nc3 Bg7 4. e4 d6 5. Nf3 0-0 6. Be2 Na6 7. 0-0 e5 8. Re1 exd4 9. Nxd4 Nc5 10. f3 a5 11. Be3 c6 12. Qd2 Re8 13. Rad1 Qc7 14. Bh6 Bxh6 15. Qxh6 Be6 16. Bf1 Rad8 17. h4 d5 18. e5 Nfd7 19. Nxe6 fxe6 20. Qg5 Rf8 21. cxd5 Rf5 22. d6 Qb6 23. Qe3 Rxe5 24. Qf2 Rxe1 25. Rxe1 e5 26. Bc4+ Kg7 27. h5 Qb4 28. h6+ Kh8 29. Qh4 Rf8 30. Qe7 1-0

[Event "Titled Tuesday intern op 14th Dec"]
[Site "Chess.com INT"]
[Date "2021.12.14"]
[Round "9"]
[White "Nikologorskiy, Konstantin"]
[Black "Vusatiuk, Vladimir"]
[Result "1-0"]
[WhiteElo "2413"]
[BlackElo "2307"]
[PlyCount "69"]
[EventDate "2021.12.14"]
[EventType "swiss (blitz)"]
[EventRounds "11"]
[EventCountry "USA"]
[SourceTitle "EXT 2023"]
[Source "ChessBase"]
[SourceDate "2022.10.05"]
[SourceVersion "1"]
[SourceVersionDate "2022.10.05"]
[SourceQuality "1"]

1. d4 Nf6 2. c4 e6 3. Nf3 a6 4. g3 b5 5. b3 Bb7 6. Bg2 c5 7. d5 exd5 8. cxd5 Bxd5 9. Nc3 Bb7 10. e4 Nxe4 11. Nd5 Nf6 12. Qe2+ Be7 13. Nxf6+ gxf6 14. Bh6 Qa5+ 15. Bd2 Qb6 16. 0-0 Nc6 17. Nh4 Nd4 18. Qh5 Bxg2 19. Kxg2 0-0-0 20. Rae1 Bd6 21. Qxf7 Be5 22. f4 Qc6+ 23. Kh3 Bc7 24. b4 Rdf8 25. Qh5 c4 26. Bc3 Ne6 27. Nf5 Kb7 28. Rf2 d5 29. Ne7 Qd7 30. Qxd5+ Qxd5 31. Nxd5 Re8 32. Nxf6 Re7 33. Nd5 Rd7 34. Bxh8 Rxd5 35. Rxe6 1-0